| 000 | 00575nam a2200193 a 4500 | ||
|---|---|---|---|
| 001 | 001061654 | ||
| 003 | AM-YeHGA | ||
| 005 | 20250617151124.0 | ||
| 008 | 150225s1975 ||| r 000 0 rus d | ||
| 040 | _aAM-YeHGA | ||
| 041 | 0 | _arus | |
| 245 | 0 | 0 |
_aЖургалисты / _cРед. В.С. Губарев. |
| 260 |
_aМосква : _bПравда, _c1975. |
||
| 300 | _a63 с. | ||
| 440 | 0 |
_aБ-ка "Комсомольской правды" _v5 |
|
| 653 | 0 | _aВоенная журналистика | |
| 700 | 1 |
_aГубарев, В.С. _eред. _4edt |
|
| 090 | _c346956 | ||
| 999 |
_c345157 _d345157 |
||